| 000 | 00472nam a2200169Ia 4500 | ||
|---|---|---|---|
| 999 |
_c22949 _d22949 |
||
| 003 | OSt | ||
| 005 | 20200215094355.0 | ||
| 008 | 190216s9999||||xx |||||||||||||| ||und|| | ||
| 040 | _coclc | ||
| 082 |
_a297.8 _bYUV/N |
||
| 245 | 0 | _aNavothanaprasthanam Vazhiyum Porattavum / | |
| 250 | _a1st ed. | ||
| 260 |
_bYuvatha Book House, _c2009. _aKozhikode: |
||
| 300 | _a107p | ||
| 650 | _aIslamic History | ||
| 942 |
_cBK _2ddc _h297.8 _iYUV/N _k297.8 _mYUV/N |
||